000
002690000a22000970004500
100
1
_a
Nolland, J.
245
1
0
_a
No son of God christilogy in Matthew 1.18-25
300
_a
Núm 62 (1996), Páginas 3-12
773
0
_t
Journal for the Study of the New Testament
942
_c
ANA
999
_c
56096
_d
56096